000 00676cam a22002532a 4500
001 000197
003 AR-FADEU
005 20191024113814.0
008 311216n1992####xxu####################dd
020 _a950-582-322-3
040 _cBiblioteca Ernesto Sábato
092 _a361.4
_bP338
_eBLYNK
100 _aPavía, Víctor
245 _aAdolescencia, grupo y tiempo libre
260 _aBuenos Aires
260 _bHumanitas
260 _c1992
300 _a157 p
440 _aDesarrollo social
650 _aNEUQUEN-GRUPOS JUVENILES; ADOLESCENCIA; RECREACION; JUEGOS/BLYNK/
700 _aJulia Gerlero
700 _aJorge Apendino
942 _cBLYNK
_2ddc
999 _c34117
_d34117